Ứng dụng công nghệ radar xuyên đất (GPR) trong nghiên cứu nứt sụp đất ở khu vực Hiệp An, tỉnh Lâm Đồng : Luận văn Thạc sĩ Vật lý Chuyên ngành Vật lý Kỹ thuật

Nội dung đề tài là ứng dụng công nghệ Radar xuyên đất (GPR)trong nghiên cứu nứt sụp đất ở khu vực Hiệp An, Tỉnh Lâm Đồng.

保存先:
書誌詳細
第一著者: Võ, Thị Thảo
フォーマット: 図書
言語:Undetermined
出版事項: Cần Thơ Trường Đại học Cần Thơ 2010
主題:
タグ: タグ追加
タグなし, このレコードへの初めてのタグを付けませんか!
Thư viện lưu trữ: Trung tâm Học liệu Trường Đại học Cần Thơ
LEADER 01098nam a2200217Ia 4500
001 CTU_162697
008 210402s9999 xx 000 0 und d
082 |a 530.7 
082 |b Th108 
088 |a 60440103 
100 |a Võ, Thị Thảo 
245 0 |a Ứng dụng công nghệ radar xuyên đất (GPR) trong nghiên cứu nứt sụp đất ở khu vực Hiệp An, tỉnh Lâm Đồng : 
245 0 |b Luận văn Thạc sĩ Vật lý Chuyên ngành Vật lý Kỹ thuật 
245 0 |c Võ Thị Thảo ; Lê Ngọc Thanh (Hướng dẫn khoa học) 
260 |a Cần Thơ 
260 |b Trường Đại học Cần Thơ 
260 |c 2010 
520 |a Nội dung đề tài là ứng dụng công nghệ Radar xuyên đất (GPR)trong nghiên cứu nứt sụp đất ở khu vực Hiệp An, Tỉnh Lâm Đồng. 
650 |a Applied phyics,Radar technology,Công nghệ rađa,Vật lý ứng dụng 
904 |i Trọng Hải 
980 |a Trung tâm Học liệu Trường Đại học Cần Thơ